| 000 | 00366nam a22001457a 4500 | ||
|---|---|---|---|
| 005 | 20241007131453.0 | ||
| 008 | 240220b |||||||| |||| 00| 0 eng d | ||
| 020 | _a818315073X | ||
| 040 | _cSVYASA | ||
| 100 | _aDutt MN | ||
| 245 | _aThe Garuda Mahapurana Vol-2 | ||
| 250 | _a3rd ed | ||
| 260 |
_aDelhi _bNew bharatiya book corporation _c2012 |
||
| 942 |
_2ddc _cBKS _n0 |
||
| 999 |
_c19178 _d19178 |
||